00555nam a2200193Ia 450000500170000000800410001702000230005804000190008104100120010008200150011210000250012724500870015225000110023926000440025030000140029450400190030865000240032785000100035120240305095003.0131103s9999 xx 000 0 und d a8120303482cRs 150 aLoreto College aEnglish a004.6bGOT aGothmann, William H. aDigital Electronicsb An introduction to theory and practice cWilliam H. Gothmann a2nd ed aNew DelhibPrentice-Hall of Indiac2002 axiv,383p  aIncludes index aDigital Electronics aLCLIB